000 00784nam a2200169Ia 4500
008 0000001995 usa 0000000000eng00
020 _a1885088019
090 _aPUS00 C14r
110 1 _aCalifornia Center for the Arts Museum. Escondido (California)
245 1 0 _aRevisiting landscape
_c/ California Center for the Arts Museum
300 _a30 p.
_c/ 31 cm.
500 _aExposición realizada en California Center for the Arts Museum, Escondido, Enero 14 Mayo 7, 1995 \ Con el patronazgo del maestro venezolano Jesús Rafael Soto (q.e.p.d.)
650 1 4 _aARTE CONTEMPORANEO ESTADOUNIDENSE
650 1 4 _aPINTORES ESTADOUNIDENSES
650 1 4 _aPINTURA DE PAISAJES ESTADOUNIDENSE
999 _c4890
_d4890
260 _aEscondido (California) : California Center for the Arts Museum
_c1995